000 00702nam0a22002291 4500
001 v19\rc\1235659
005 20250618022948.0
035 _a(NLR Aleph) 004451173
090 _a4473869
_c4473869
100 _a20060306d1884 |||y0rusy50 ca
101 0 _arus
102 _aRU
105 _ay z |||||
200 1 _aКто отец лжи?
210 _aМосква
_d1884
700 0 _7ca
_8rus
_aГеоргий
_cКонисский, Григорий Осипович
_cархиепископ Могилевский
_f1717-1795
_9169879
_3RU\NLR\AUTH\770169929
801 0 _aRU
_bNLR
_gpsbo
801 1 _aRU
_bProSoft-M
_2rusmarc
852 _aNLR
_j18.257.1.74
942 _cBOOK
980 _aNB